000 00363nam a2200157Ia 4500
008 230917s9999||||xx |||||||||||||| ||und||
020 _cRS195
040 _e31945
_aMAIN
041 _aEnglish
082 _a300.72 B614H
100 _aBlaxter, Loraine
245 0 _aHow to research
260 _aNew Delhi
_bViva
_c1999
300 _axiv, 263 p.
942 _cBK
999 _c103215
_d103215